Регионална библиотека "Любен Каравелов" - Русе

Кант (Запис номер 133845)

MARC детайли
000 -Лидер
Контролно поле с фиксирана дължина 01755nam a2200385 c 4500
003 - Код на организацията, давaща контролен номер
Контролно поле BLK
005 - Дата и час на последна редакция
Контролно поле 20200224134657.0
008 - Елементи от данни с фиксирана дължина
fixed length control field 180409b bul|||||r ||||||| ||bul||
010 ## - Наследен системен номер
LC control number KNG00139746000
040 ## - Източник на каталожния запис
Идентификатор на билиотеката - собственик на записа BLK
041 ## - Код за език
Код за езика на текст/звукозапис или на отделно заглавие Български
Код за езика КДБФ Български
080 ## - УДК
Текстов определител УДК Обща история на философията
УДК код - определител по УДК 101(091)
УДК определител (430)(092)
УДК - код + определител 101(091)(430)(092)
080 ## - УДК
Текстов определител УДК Немски философ
УДК код - определител по УДК 929 Кант, Имануел
УДК определител
УДК - код + определител 929 Кант, Имануел
100 1# - Редна дума - Автор
Автор Гулига, Арсений Владимирович
Авторска отговорност първи автор
R(LIN) 57082
139 ## - Редно поле
Редна дума Гулига, Арсений Владимирович
Авторски знак Канг - К 25
245 10 - Сведения за заглавието
Заглавие Кант
Подзаглавни данни Живот и дело
Редно поле (дума) Арсений Владимирович Гулига; прев. от рус. Яню Гочев Стоевски.
257 ## - Страна на издаване
Страна на създаване/издаване СССР
260 ## - Област на издателските данни
-- София
Име на издателя, разпространителя и проч. Партиздат
Година на издаване 1984
300 ## - Физическа характеристика
Страници 334 с.
Размери/Мащаб 20 см
380 ## - Жанр
Жанр Философия
490 1# - СЕРИИ (Колекции)
Име на серия Поредица Хоризонти - светът, науката, ние
500 ## - Общи забележки
Забележка Ориг. загл. Кант / Арсений Владимирович Гулыга. - 4 110 тир. - Библогр. с. 330-331.
600 14 - Име на лице, използвано като предмет
За него / За нея Кант, Имануел
9 (RLIN) 364672
650 #4 - Допълнително описание по предмет – тема
Основно описание – тема или топоним Философия, немска класическа
9 (RLIN) 243069
650 #4 - Допълнително описание по предмет – тема
Основно описание – тема или топоним Кант, Имануел
9 (RLIN) 364672
651 #4 - Допълнително описание по предмет - топоним
Географско понятие Германия
9 (RLIN) 178754
653 ## - Ключова дума – ненормативна
Ключова дума Имануел Кант
653 ## - Ключова дума – ненормативна
Ключова дума немска философия
700 1# - Други автори (авторска отговорност)
Лично име Стоевски, Яню Гочев
Автороска отговорност (Описва отношението между автора и произведението) прев. от рус.
9 (RLIN) 378537
852 ## - Местоположение
Форматна сигнатура Цб 124829
856 4# - Електронен адрес и достъп
Електронен формат pdf - файл
Път до файла /url/
856 4# - Електронен адрес и достъп
Електронен формат pdf - файл
Път до файла /url/
942 ## - АРТИКУЛИ
Вид на библиотечния материал Книги
Скрит в OPAC Не
Koha issues (borrowed), all copies 3
944 ## - СЪЗДАВАНЕ И РЕДАКЦИЯ на ЗАПИСА
Създаване/Редакция Създаване
Дата на регистрацията/редакция 19.02.2013
Статус, дата на статуса 19.02.2013 - от С1,Р / 19.02.2013
Служител, извършил регистрацията/редакцията Камелия_Данева
944 ## - СЪЗДАВАНЕ И РЕДАКЦИЯ на ЗАПИСА
Създаване/Редакция Редакция
Дата на регистрацията/редакция 12.11.2014
Статус, дата на статуса 19.02.2013 - от С1,Р / 19.02.2013
Служител, извършил регистрацията/редакцията Кети_Илиева
999 ## - СИСТЕМНИ КОНТРОЛНИ НОМЕРА
Koha biblionumber 133845
Koha biblioitemnumber 133845
Наличности
Код за отписване Код за изгубен артикул Източник на класификационната схема Код за повреда Коз за рестрикции Код за отдаване Артикулен № Име на библиотеката - собственик Име на библиотеката, в която се намира в момента Статус (Текущо местоположение) Дата на вписване в системата Местоположение - отдел Цена в лева Инвентарен номер Систематично азбучна сигнатура Баркод Номер на екземпляра Цена в евро Служебна бележка Служебен тип на артикула
  Не е изгубен Universal Decimal Classification Не е повреден без рестрикции ползва се в читалня 218465 Регионална библиотека "Любен Каравелов" Русе Регионална библиотека "Любен Каравелов" Русе Хранилище 1984-01-01 Хранилище 2.39 390780 Цб 124829 900000011684 1 1.22 N: стар фонд Дата: 01.01.1984 Книги
  Не е изгубен Universal Decimal Classification Не е повреден без рестрикции заемане за дома 218466 Регионална библиотека "Любен Каравелов" Русе Регионална библиотека "Любен Каравелов" Русе Заемна - подръчен фонд 1984-01-01 Заемна - подръчен фонд 0.01 623509 П 101(091)/К 25 120000623509 2 0.01 N: стар фонд Дата: 01.01.1984 Дата инв: 01.02.2018 Бележки инв: П2018 Книги
Изтеглен Не е изгубен Universal Decimal Classification Не е повреден без рестрикции заемане за дома 218467 Регионална библиотека "Любен Каравелов" Русе Регионална библиотека "Любен Каравелов" Русе Заемна - подръчен фонд 1984-01-01 Заемна - подръчен фонд 2.39 391402 П 101(091)/К 25 391402 3 1.22 Вид: Сф Дата: 01.01.1984 Дата инв: 01.02.2018 Бележки инв: П2018 Книги
Vip Innovations Ltd, Rousse, Bulgaria 2025